| 000 | 00814pam a2200289 a 4500 | ||
|---|---|---|---|
| 005 | 20260322212016.0 | ||
| 008 | data | ||
| 010 | _a 2004056727 | ||
| 020 | _a0802170048 (pbk.) | ||
| 020 | _a9780802170040 (pbk.) | ||
| 040 |
_aDLC _cDLC _dDLC _dDLC |
||
| 050 | 0 | 0 |
_aPR6104.U535 _bD43 2004 |
| 082 | 0 | 0 |
_a823/.914 _222 |
| 099 | _aDUNCAG | ||
| 100 | 1 |
_aDuncan, Glen, _d1965- |
|
| 245 | 1 | 0 |
_aDeath of an ordinary man / _cGlen Duncan. |
| 250 | _a1st American ed. | ||
| 260 |
_aNew York : _bBlack Cat, _cc2004. |
||
| 300 |
_a304 p. ; _c21 cm. |
||
| 500 | _aOriginally published: Great Britain: Scribner, 2004. | ||
| 650 | 0 |
_aDeath _vFiction. |
|
| 650 | 0 |
_aSecrecy _vFiction. |
|
| 650 | 0 |
_aFuneral rites and ceremonies _vFiction. |
|
| 655 | 7 |
_aDomestic fiction. _2lcsh |
|
| 655 | 7 |
_aGhost stories. _2gsafd |
|
| 001 | data | ||
| 999 |
_c354 _d354 |
||